[Event "Fide Mercenarios 2nd"]
[Site "MEX"]
[Date "1995.??.??"]
[Round "?"]
[White "Araiza Nieto, Edgar"]
[Black "Gonzalez, Roberto"]
[Result "0-1"]
[WhiteElo "2115"]
[BlackElo "2200"]

1.Nf3 c5 2.e4 Nc6 3.Bb5 g6 4.Bxc6 dxc6 5.d3 Bg7 6.h3 Nf6 7.Nc3 O-O 8.Be3 b6
9.Qd2 Re8 10.Bh6 Bh8 11.O-O e5 12.Ng5 Nh5 13.f4 exf4 14.Nxf7 Kxf7 15.g4 Bd4+
16.Kh2 Bxg4 17.Rxf4+ Nxf4 18.Qxf4+ Bf5 19.Qf3 Be5+ 20.Kg2 Qh4 21.Be3 Qxh3+
22.Qxh3 Bxh3+ 23.Kxh3 Kg7 24.Kg2 h5 25.a4 Bd4 26.Bg5 Rf8 27.Nd1 Bf6 28.Be3 Rf7
29.a5 Raf8 30.axb6 axb6 31.Ra6 Bd4 32.Rxb6 Rf1 33.Rb7+ Kg8 34.Nf2 R1xf2+
35.Bxf2 Rxf2+ 36.Kg3 Rxc2 37.Kf4 Rxb2 38.Rc7 Rg2 39.Rxc6 Kg7 40.e5 Rg4+ 41.Kf3 Bxe5
42.Rxc5 Kf6 43.Rc1 Kf5 44.Rd1 h4 45.Rc1 h3 46.Rh1 h2 47.d4 Rg1  0-1

[Event "Fide Mercenarios 6th"]
[Site "MEX"]
[Date "1995.??.??"]
[Round "1"]
[White "Araiza Munoz, Victor Fernando"]
[Black "Capistran, Javier"]
[Result "0-1"]
[WhiteElo "2015"]
[BlackElo "2000"]

1.e4 c5 2.Nf3 Nc6 3.Bb5 g6 4.O-O Bg7 5.Re1 e5 6.Bxc6 dxc6 7.b4 cxb4 8.a3 b3
9.cxb3 Nh6 10.h3 O-O 11.Bb2 Qc7 12.Nc3 f6 13.Rc1 Be6 14.d4 Qf7 15.d5 Bd7
16.b4 f5 17.d6 Rac8 18.b5 Kh8 19.bxc6 Bxc6 20.Ng5 Qd7 21.Re2 f4 22.Rd2 Bf6
23.Nf3 Nf7 24.a4 g5 25.Nd5 Bg7 26.Ba3 h5 27.Ne7 g4 28.Ng6+ Kh7 29.Nxf8+ Rxf8
30.Nh4 Rg8 31.hxg4 Bf6 32.Nf5 Rxg4 33.f3 Rg8 34.Ne7 Bxe7 35.dxe7 Qh3 36.Qb3 Be8
37.Rc3 h4 38.Rc1 Ng5  0-1

[Event "Fide Mercenarios 6th"]
[Site "MEX"]
[Date "1995.??.??"]
[Round "3"]
[White "Hack, Bolivar"]
[Black "Castillo Castelan, Miguel"]
[Result "1-0"]
[WhiteElo "2015"]
[BlackElo "2170"]

1.e4 c5 2.Nf3 Nc6 3.Bb5 Qb6 4.Nc3 Nf6 5.Bxc6 bxc6 6.e5 Nd5 7.Ne4 Ba6 8.d3 c4
9.a3 cxd3 10.cxd3 Qb5 11.d4 e6 12.Nc3 Nxc3 13.bxc3 Qc4 14.Bb2 Rb8 15.Qc2 Be7
16.Kd1 O-O 17.Re1 Rb6 18.Nd2 Qd5 19.f3 Rfb8 20.c4 Rxb2 21.cxd5 Rxc2 22.Kxc2 exd5
23.Reb1 Rc8 24.Nb3 d6 25.f4 f6 26.exd6 Bxd6 27.g3 Re8 28.Re1 Re4 29.Rxe4 dxe4
30.Nc5 Bxc5 31.dxc5 Kf7 32.f5 g6 33.g4 gxf5 34.gxf5 Bc8 35.Rf1 Ba6 36.Rf4 e3
37.Ra4 Bc8 38.Rxa7+ Kg8 39.Ra8  1-0

[Event "Fide Mercenarios 6th"]
[Site "MEX"]
[Date "1995.??.??"]
[Round "5"]
[White "Araiza Nieto, Edgar"]
[Black "Castillo Castelan, Miguel"]
[Result "0-1"]
[WhiteElo "2075"]
[BlackElo "2170"]

1.e4 c5 2.Nf3 Nc6 3.Bb5 g6 4.O-O Bg7 5.Re1 Qb6 6.Nc3 Bxc3 7.Bxc6 Bg7 8.Bd5 e6
9.Bb3 Qc6 10.d4 c4 11.d5 Qa6 12.Be3 b5 13.a4 cxb3 14.axb5 Qxb5 15.Nd4 Qb7
16.c4 a6 17.Ra3 Nf6 18.Rxb3 Qc7 19.e5 Ne4 20.d6 Qxc4 21.f3 Bxe5 22.fxe4 O-O
23.Qf3 Bxd4 24.Rc3 Qb4 25.Rb3 Qa4  0-1

[Event "Fide Mercenarios 6th"]
[Site "MEX"]
[Date "1995.??.??"]
[Round "5"]
[White "Araiza Munoz, Victor Fernando"]
[Black "Selvas, Silverio"]
[Result "0-1"]
[WhiteElo "2015"]
[BlackElo "2120"]

1.e4 c5 2.Nf3 Nc6 3.Bb5 g6 4.O-O Bg7 5.Re1 e5 6.Bxc6 dxc6 7.b4 cxb4 8.a3 Ne7
9.h3 O-O 10.axb4 f6 11.Bb2 Qc7 12.Na3 Be6 13.c4 a6 14.Rc1 a5 15.b5 c5 16.Qa4 Rfd8
17.Nc2 Bh6 18.Ne3 Bxe3 19.Rxe3 b6 20.Bc3 g5 21.Ne1 Ng6 22.Kh2 Nf4 23.d3 Rd6
24.g3 Nxh3 25.Rf3 Bg4 26.Qc2 Qd7 27.Re3 Rd8 28.f3 Bh5 29.Qg2 g4 30.Rc2 Qg7
31.Bb2 Bf7 32.fxg4 Qh6 33.Qxh3 Qxe3 34.Ng2 Qxd3 35.Rf2 Qxe4 36.Bc1 Rd1 37.Qh6 R8d6
38.Rf5 Bg6 39.Bg5 Qb1  0-1

[Event "Fide Mercenarios 9th"]
[Site "MEX"]
[Date "1995.??.??"]
[Round "5"]
[White "Araiza Munoz, Victor Fernando"]
[Black "Quezada, A."]
[Result "1-0"]
[WhiteElo "2015"]
[BlackElo "2000"]

1.e4 c5 2.Nf3 Nc6 3.Bb5 e6 4.O-O a6 5.Bxc6 bxc6 6.b3 d5 7.e5 Ne7 8.Nc3 Qc7
9.Bb2 Rb8 10.Na4 Ng6 11.d3 Qa5 12.Bc3 Qc7 13.Qd2 Rb5 14.d4 Bd7 15.Nxc5 Bxc5
16.dxc5 Rxc5 17.Bb4 Rb5 18.Bd6 Qc8 19.c4 Rb7 20.c5 Qd8 21.g3 Ne7 22.Nd4 O-O
23.Qd3 Ra7 24.Rae1 f6 25.exf6 Rxf6 26.f4 Nf5 27.Nxf5 Rxf5 28.g4 Rf7 29.g5 Qa5
30.g6 hxg6 31.Qxg6 Qd2 32.Qg2 Qd4+ 33.Qf2 Qxf2+ 34.Rxf2 Rb7 35.Rg2 Rb4 36.Be5 Kh7
37.Re3 Rb7 38.Reg3 Bc8 39.h4 a5 40.h5 Rbd7 41.h6 d4 42.hxg7 Kg8 43.Rh3 Rxg7
44.Bxg7 Rxg7 45.Rxg7+ Kxg7 46.Rd3 Ba6 47.Rxd4  1-0

[Event "Fide Mercenarios 6th"]
[Site "MEX"]
[Date "1995.??.??"]
[Round "9"]
[White "Araiza Nieto, Edgar"]
[Black "Bernal, Carlos"]
[Result "1/2-1/2"]
[WhiteElo "2075"]
[BlackElo "2000"]

1.e4 c5 2.Nf3 Nc6 3.Bb5 d6 4.O-O Bd7 5.Re1 Nf6 6.d4 cxd4 7.Bxc6 Bxc6 8.Qxd4 g6
9.e5 dxe5 10.Qxe5 Bg7 11.Bh6 Bxh6 12.Qxf6 O-O 13.Qxe7 Qb6 14.Nbd2 Qxb2 15.Ne4 Bg7
16.Rab1 Qxc2 17.Nf6+ Bxf6 18.Qxf6 Qxa2 19.Ra1 Qd5 20.Re5 Qd8 21.Re7 Bxf3
22.gxf3 a5 23.h4 Ra6 24.Qe5 a4 25.f4 b5 26.h5 gxh5 27.f5 Qd6 28.Qxb5 Qxe7
29.Qxa6 Qg5+ 30.Kf1 Qxf5 31.Qxa4 Qh3+ 32.Ke2 Qg4+ 33.Kf1 Rd8 34.Qxg4+ hxg4
35.f3 gxf3 36.Ra3 Kg7 37.Kf2 Rd6 38.Kxf3 Kg6 39.Kg3 Kg5 40.Ra7 Rd3+ 41.Kg2 Kg6
42.Ra8 f5 43.Rg8+ Kh5 44.Kf2 Kh4 45.Rb8 h5 46.Rg8 Rd6 47.Rf8 Kg4 48.Rg8+ Kf4
49.Rh8 Rd2+ 50.Kg1 h4 51.Ra8 h3 52.Ra4+ Kg3 53.Ra3+ Kg4 54.Ra4+ f4 55.Ra8 Kg3
56.Rg8+ Kf3 57.Rh8 Rg2+ 58.Kh1 Rg3 59.Ra8 Rg5 60.Ra3+ Kg4 61.Rxh3 f3 62.Rh8 Kf4
63.Ra8 f2 64.Ra4+ Kg3 65.Ra3+ Kh4 66.Ra4+ Kg3 67.Ra3+ Kh4 68.Ra4+  1/2-1/2

[Event "Fide Mercenarios 5th"]
[Site "MEX"]
[Date "1995.??.??"]
[Round "10"]
[White "Padilla, Jorge"]
[Black "Vaca Kram, Luis"]
[Result "1-0"]
[WhiteElo "2000"]
[BlackElo "2015"]

1.e4 c5 2.Nf3 Nc6 3.Bb5 g6 4.O-O Bg7 5.c3 e5 6.Qe2 a6 7.Ba4 b5 8.Bc2 Nge7
9.a4 b4 10.d3 O-O 11.Be3 d6 12.Rd1 Rb8 13.d4 exd4 14.cxd4 b3 15.Bd3 cxd4
16.Bg5 h6 17.Bf4 Re8 18.Qd2 Kh7 19.Na3 Nb4 20.Bc4 Bg4 21.Bxf7 Rf8 22.Bxb3 d3
23.Nc4 Nc2 24.Bxc2 dxc2 25.Rdc1 Rxb2 26.Nxb2 Bxb2 27.Bxh6 Rxf3 28.gxf3 Bxa1
29.fxg4 Ng8 30.Bg5 Bf6 31.Bxf6 Nxf6 32.Qxc2  1-0

[Event "Minsk"]
[Site "Minsk"]
[Date "1995.??.??"]
[Round "12"]
[White "Kochetkov, German"]
[Black "Ivanov, Sergey"]
[Result "0-1"]
[WhiteElo "2465"]
[BlackElo "2535"]

1.e4 c5 2.Nf3 Nc6 3.Bb5 d6 4.O-O Bd7 5.Re1 Nf6 6.c4 g6 7.Bxc6 Bxc6 8.d4 cxd4
9.Nxd4 Bg7 10.Nxc6 bxc6 11.Qa4 Qb6 12.Be3 Qb7 13.c5 Nd7 14.cxd6 Bxb2 15.Bd4 Bxa1
16.Bxa1 e5 17.Na3 O-O 18.Rb1 Nb6 19.Bxe5 Rfe8 20.f4 Nxa4 21.Rxb7 Nc5 22.Rc7 Nxe4
23.Nc4 f6 24.Bb2 Red8 25.Ba3 c5 26.d7 Kf7 27.g4 Ke6 28.f5+ gxf5 29.gxf5+ Kxf5
30.Kg2 Ke6 31.Kf3 Rxd7 32.Rc6+ Kd5  0-1

[Event "Mislata op 4th"]
[Site "Mislata"]
[Date "1995.??.??"]
[Round "4"]
[White "Ruiz Diez, Julio Cesar"]
[Black "Veingold, Aleksandr"]
[Result "0-1"]
[WhiteElo "2170"]
[BlackElo "2410"]

1.e4 c5 2.Nf3 Nc6 3.Bb5 d6 4.d4 cxd4 5.Qxd4 Bd7 6.Bxc6 Bxc6 7.Nc3 Nf6 8.Bg5 e6
9.O-O-O Be7 10.Rhe1 O-O 11.e5 dxe5 12.Qh4 Qc7 13.Nxe5 h6 14.Bxh6 gxh6 15.Qxh6 Nh7
16.f4 Bf6 17.Rd7 Bxd7 18.Re3 Qxe5 19.Rxe5 Bxe5 20.fxe5 Bc6 21.Ne2 Rad8 22.Nf4 Rd4
23.h3 Rfd8 24.b3 Rxf4 25.Qxf4  0-1

[Event "Mislata op 4th"]
[Site "Mislata"]
[Date "1995.??.??"]
[Round "8"]
[White "Ruiz Diez, Julio Cesar"]
[Black "Alonso Pascual, Francisco"]
[Result "0-1"]
[WhiteElo "2170"]
[BlackElo "2230"]

1.e4 c5 2.Nf3 Nc6 3.Bb5 e6 4.Bxc6 bxc6 5.b3 d5 6.e5 Ne7 7.d3 Ng6 8.O-O Be7
9.c4 O-O 10.Re1 Bd7 11.Bb2 f6 12.Qe2 Rf7 13.Nc3 fxe5 14.Na4 d4 15.Nxe5 Nxe5
16.Qxe5 Rf5 17.Qe2 Bd6 18.Qf1 Qf6 19.Ba3 Bxh2+ 20.Kxh2 Rh5+ 21.Kg1 Qh6 22.f3 Rh1+
23.Kf2 Qh4+ 24.Ke2 Rxf1 25.Rxf1 e5 26.Bxc5 Qf4 27.Nb2 Qe3+ 28.Kd1 a6 29.Rc1 Re8
30.Rc2 Re6 31.b4 Qf4 32.Re2 h5 33.a4 h4 34.Kc2 Rg6 35.Rff2 h3 36.gxh3 Rg1
37.Bd6 Bf5 38.Kb3 Rb1 39.Bxe5 Qc1 40.Rc2 Rxb2+ 41.Rxb2 Qc3+ 42.Ka2 Bxd3 43.Rfd2 Qxc4+
44.Ka3 c5 45.Bd6 Qc3+ 46.Ka2 Bc4+ 47.Kb1 Bb3 48.Bxc5 Qxf3 49.Rbc2 Bxc2+ 50.Kxc2 Qc3+
51.Kd1 d3 52.Ke1 a5 53.bxa5 Qxc5 54.Rxd3 Qxa5+ 55.Kf2 Qxa4 56.Rg3 Qa2+ 57.Kf3 Qh2  0-1

[Event "Mondariz"]
[Site "Mondariz"]
[Date "1995.??.??"]
[Round "6"]
[White "Rodriguez Lopez, Rafael"]
[Black "Rivera, Daniel"]
[Result "0-1"]
[WhiteElo "2300"]
[BlackElo "2385"]

1.e4 c5 2.Nf3 Nc6 3.Bb5 d6 4.Bxc6+ bxc6 5.O-O e5 6.c3 Ne7 7.d4 cxd4 8.cxd4 f6
9.Nh4 Be6 10.Nc3 g6 11.dxe5 dxe5 12.Qf3 Bg7 13.Rd1 Qc7 14.Na4 Qc8 15.Qa3 Kf7
16.Nc5 Re8 17.Be3 Bf8 18.h3 g5 19.Nf3 Ng6 20.Rac1 Nf4 21.Bxf4 gxf4 22.Qd3 Bxc5
23.Rxc5 Rb8 24.b3 Rb6 25.Kh2 Re7 26.Qd8 Qxd8 27.Rxd8 Ra6 28.Rc2 Rd7 29.Rc8 Rd6
30.Rh8 Kg7 31.Rb8 Rb6 32.Ra8 Rb7 33.Nh4 Kf7 34.f3 Rbd7 35.Rc8 Rd1 36.R8xc6 Ra1
37.Rc7 Ke7 38.Nf5+ Bxf5 39.exf5 Kd8 40.Rxd7+ Kxd7 41.g3 fxg3+ 42.Kxg3 Rg1+
43.Kf2 Rh1 44.Kg2 Rd1 45.Re2 Kd6 46.f4 exf4 47.Re6+ Kd5 48.Kf3 Rf1+ 49.Kg4 h5+
50.Kxh5 Rg1  0-1

[Event "Mondariz"]
[Site "Mondariz"]
[Date "1995.??.??"]
[Round "8"]
[White "Rodriguez Lopez, Rafael"]
[Black "Del Rey, Diego"]
[Result "1-0"]
[WhiteElo "2300"]
[BlackElo "2315"]

1.e4 c5 2.Nf3 Nc6 3.Bb5 e6 4.Nc3 Nge7 5.O-O a6 6.Bxc6 Nxc6 7.d4 cxd4 8.Nxd4 Qc7
9.Nxc6 dxc6 10.Be3 e5 11.Na4 Bd6 12.Nb6 Rb8 13.Nc4 Bb4 14.a3 Be6 15.Bb6 Qe7
16.Nxe5 Bd6 17.Qd4 O-O 18.Rad1 Bxe5 19.Qxe5 f6 20.Qg3 Qf7 21.f4 f5 22.e5 h6
23.Rd6 Kh7 24.b3 Rg8 25.c4 Rbe8 26.Qh4 Rc8 27.a4 Rge8 28.a5 Rg8 29.Rfd1 Rce8
30.R1d3 Rh8 31.h3 Rhg8 32.Kf2 Rgf8 33.Ke1 Qg6 34.Rg3 Qf7 35.Kd2 Rg8 36.Kc3 Rgf8
37.Rgd3 Qg6 38.Rd2 Rg8 39.Kb4 Qf7 40.Rf2 Bc8 41.g4 Be6 42.g5 h5 43.Rg2 Kg6
44.Qg3 Qe7 45.h4 Rh8 46.Qe3 Rhf8 47.Qc5 Qf7 48.Rgd2 Rh8 49.Bd8 Rhf8 50.Qb6 Kh7
51.Kc5 Kg8 52.Qc7 Qxc7 53.Bxc7 Bc8 54.Kb6 Kf7 55.Bd8  1-0

[Event "Moscow3"]
[Site "Moscow"]
[Date "1995.??.??"]
[Round "?"]
[White "Zaitsev, Igor A"]
[Black "Yagupov, Igor"]
[Result "1/2-1/2"]
[WhiteElo "2455"]
[BlackElo "2415"]

1.e4 c5 2.Nf3 Nc6 3.Bb5 d6 4.d4 cxd4 5.Qxd4 Bd7 6.Bxc6 Bxc6 7.Nc3 h6 8.O-O e5
9.Qc4 Nf6 10.Rd1 Qc8 11.b3 Be7 12.a4 O-O 13.Qe2 Qe6 14.Ba3 Rfe8 15.Qd3 Nxe4
16.Nxe4 d5 17.Nc5 Bxc5 18.Bxc5 e4 19.Qc3 exf3 20.Qxf3 Qg6 21.Qd3  1/2-1/2

[Event "Moscow2"]
[Site "Moscow"]
[Date "1995.??.??"]
[Round "?"]
[White "Vasiukov, Evgeni"]
[Black "Tseshkovsky, Vitaly"]
[Result "1/2-1/2"]
[WhiteElo "2490"]
[BlackElo "2530"]

1.e4 c5 2.Nf3 Nc6 3.Bb5 g6 4.O-O Bg7 5.Re1 Nf6 6.c3 O-O 7.h3 Ne8 8.d4 cxd4
9.cxd4 Nc7 10.Ba4 d5 11.e5 b5 12.Bb3 a5 13.Nc3 Bf5 14.a3 a4 15.Ba2 Na5 16.Nh4 Bd7
17.Nxd5 Nxd5 18.Bxd5 Bc6 19.Bxc6 Nxc6 20.Be3 Na5 21.Qe2 Qd5 22.Rad1 Nc4 23.Nf3 Rac8
24.Bc1 f5 25.exf6 exf6 26.Qe6+ Qxe6 27.Rxe6 Rfe8 28.Rxe8+ Rxe8 29.Kf1 f5
30.g3 h6 31.h4 Kf7 32.Ne1 Rc8 33.Ke2 Re8+ 34.Kf1 Rc8 35.Ke2 Re8+ 36.Kf1  1/2-1/2

[Event "Moscow op2"]
[Site "Moscow"]
[Date "1995.??.??"]
[Round "1"]
[White "Cherniaev, Alexander"]
[Black "Savitskaya, Ekaterina P"]
[Result "1-0"]
[WhiteElo "2450"]
[BlackElo "2170"]

1.e4 c5 2.Nf3 Nc6 3.Bb5 g6 4.O-O Bg7 5.c3 Nh6 6.d4 cxd4 7.cxd4 O-O 8.d5 Nb8
9.Nc3 d6 10.h3 Nd7 11.Be3 a6 12.Bxd7 Bxd7 13.Qd2 Rc8 14.Bxh6 Qa5 15.Bxg7 Kxg7
16.e5 dxe5 17.Nxe5 Rfd8 18.Rfe1 Be6 19.Qd4 Kg8 20.Rad1 Bf5 21.g4 Bd7 22.Nc4 Qb4
23.Nb6 Qxd4 24.Rxd4 Rc5 25.Rxe7  1-0

[Event "Moscow4"]
[Site "Moscow"]
[Date "1995.??.??"]
[Round "3"]
[White "Kochetkov, German"]
[Black "Fominyh, Alexander"]
[Result "1-0"]
[WhiteElo "2465"]
[BlackElo "2520"]

1.e4 c5 2.Nf3 Nc6 3.Bb5 Na5 4.b4 a6 5.Bxd7+ Bxd7 6.bxa5 Nf6 7.Nc3 Qxa5 8.e5 Ng4
9.O-O e6 10.Ne4 Bc6 11.Re1 O-O-O 12.Bb2 Qa4 13.Nfg5 Nh6 14.Re3 Be7 15.Ra3 Qc4
16.d3 Qd5 17.c4 Qd7 18.Qh5 Bxg5 19.Nd6+ Kb8 20.Qxg5 Nf5 21.Nxf5 exf5 22.Qe3 Rc8
23.Qxc5 Bxg2 24.e6 Rxc5 25.exd7 Bh3 26.d4 Rxc4 27.Rxh3 Kc7 28.Re1 Kxd7 29.Rhe3 Kc6
30.Re7 Rc2 31.d5+ Kxd5 32.Rxb7 f6 33.Ree7 Rhc8 34.Rxg7 f4 35.Kg2 Ke4 36.Rb4+ Kf5
37.Kf3 R2c4 38.Rxc4 Rxc4 39.Rf7 Rc6 40.a4 h5  1-0

[Event "Moscow-ch op"]
[Site "Moscow"]
[Date "1995.??.??"]
[Round "3"]
[White "Nikolenko, Oleg"]
[Black "Kozlov, Vladimir N"]
[Result "1/2-1/2"]
[WhiteElo "2475"]
[BlackElo "2210"]

1.e4 c5 2.Nf3 Nc6 3.Bb5 g6 4.O-O Bg7 5.Re1 e5 6.Bxc6 dxc6 7.h3 Qe7 8.c3 Nf6
9.d4 cxd4 10.cxd4 Nd7 11.Bg5 f6 12.Be3 O-O 13.Nbd2 Rd8 14.Qc2 exd4 15.Bxd4 Ne5
16.Bc5 Nxf3+ 17.Nxf3 Qf7 18.Bd4 Be6 19.e5 f5 20.Ng5 Qe7 21.Nxe6 Qxe6 22.Bc3 Rd5
23.Rad1 Rad8 24.Qb3 b5 25.Rxd5 Rxd5 26.a4 a6 27.axb5 axb5 28.Rd1 Rxd1+ 29.Qxd1 Kf7
30.Qd8 Bxe5 31.Bxe5 Qxe5 32.Qd7+ Kf8  1/2-1/2

[Event "Moscow op"]
[Site "Moscow"]
[Date "1995.??.??"]
[Round "3"]
[White "Vasiukov, Evgeni"]
[Black "Mikhailov, V."]
[Result "1-0"]
[WhiteElo "2490"]
[BlackElo "2355"]

1.e4 c5 2.Nf3 Nc6 3.Bb5 g6 4.O-O Bg7 5.Re1 e5 6.Bxc6 dxc6 7.d3 f6 8.Be3 b6
9.Qc1 Ne7 10.Nbd2 O-O 11.a3 a5 12.b3 a4 13.b4 cxb4 14.axb4 Be6 15.Ra3 Qd6
16.Qa1 b5 17.Bc5 Qc7 18.d4 exd4 19.Nxd4 Bf7 20.c4 bxc4 21.N2f3 Rfe8 22.Rxa4 Qb7
23.Ra5 Rxa5 24.bxa5 Ra8 25.Qa3 Nc8 26.h3 Ra6 27.Ra1 Na7 28.Nc2 Qb3 29.Nb4  1-0

[Event "Moscow op"]
[Site "Moscow"]
[Date "1995.??.??"]
[Round "5"]
[White "Vasiukov, Evgeni"]
[Black "Lastin, Alexander"]
[Result "1/2-1/2"]
[WhiteElo "2490"]
[BlackElo "2405"]

1.e4 c5 2.Nf3 Nc6 3.Bb5 g6 4.O-O Bg7 5.Re1 Nf6 6.c3 a6 7.Bxc6 dxc6 8.h3 O-O
9.d4 cxd4 10.cxd4 c5 11.e5 Nd5 12.dxc5 Be6 13.Nd4 Qc7 14.Nd2 Qxc5 15.N2b3 Qb6
16.Bd2 Bd7 17.Ba5 Qa7 18.Qf3 e6 19.Qg3 Rac8 20.Rad1 Rc4 21.Rd3 Ba4 22.Bd2 Bxb3
23.Nxb3 Rc2 24.Bc1 Rfc8 25.Rdd1 Qb6 26.Na1 R2c4 27.Nb3 Qc7 28.Bd2 b5 29.Ba5 Qb8
30.a3 h5 31.Nd4 Qa7 32.Qd3 Qb7 33.Bd2 Qb6 34.Bg5 b4 35.a4 Kh7 36.Re4 b3 37.a5 Qxa5
38.Nxb3 Qb4 39.Bd2 Qa4 40.Ra1 Rxe4 41.Rxa4 Rxa4 42.Qf3 Kg8 43.Qe2 Rc2 44.Qd3 Rxb2
45.Bc1 Rba2 46.Nc5 Ra5 47.Qc4 Nb6 48.Qd4 Rb5 49.Qd8+ Kh7 50.Ne4 Rxe5 51.Ng5+ Rxg5
52.Bxg5 Nd5 53.Qe8 f6  1/2-1/2

[Event "Moscow-ch op"]
[Site "Moscow"]
[Date "1995.??.??"]
[Round "5"]
[White "Dvalishvili, Pavel S"]
[Black "Sazonov, Anatolij"]
[Result "1/2-1/2"]
[WhiteElo "2360"]
[BlackElo "2220"]

1.e4 c5 2.Nf3 Nc6 3.Bb5 a6 4.Bxc6 bxc6 5.O-O d6 6.h3 e5 7.c3 Nf6 8.Re1 Be7
9.d4 cxd4 10.cxd4 Qc7 11.dxe5 dxe5 12.b3 O-O 13.Bb2 Nd7 14.Qc2 Bb7 15.Nbd2 Kh8
16.Nc4 f6 17.Bc3 a5 18.a4 Bb4 19.Red1 Bxc3 20.Qxc3 Nc5 21.Nd6 Ne6 22.Qc4 Nf4
23.Nxb7 Qxb7 24.Kh2 Rab8 25.Rab1 Ng6 26.Rd3 c5 27.Rd5 Rfc8 28.Rbd1 Nf8 29.Rxc5 Rxc5
30.Qxc5 Qxb3 31.Qd6 Qb4 32.Qc7 Qb7 33.Qxb7 Rxb7 34.Rd8 Kg8 35.Ra8 Rb4 36.Rxa5 Rxe4
37.Ra8 Kf7 38.Ra7+ Kg6 39.g4 Ne6 40.Nh4+ Kh6 41.Nf5+  1/2-1/2

[Event "Mravinci-A"]
[Site "Mravinci"]
[Date "1995.??.??"]
[Round "?"]
[White "Grosar, Aljosa"]
[Black "Shariyazdanov, Andrey"]
[Result "1/2-1/2"]
[WhiteElo "2475"]
[BlackElo "2460"]

1.e4 c5 2.Nf3 Nc6 3.Bb5 e6 4.O-O Nge7 5.Nc3 a6 6.Bxc6 Nxc6 7.d4 cxd4 8.Nxd4 Qc7
9.Nxc6 dxc6 10.Qg4 e5 11.Qg3 f6 12.Be3 b5 13.a4 b4 14.Nb1 Be6 15.Nd2 Bd6
16.Rfd1 Kf7 17.f3 Rhd8 18.Qf2 c5 19.b3 Rac8 20.Nc4  1/2-1/2

[Event "Namses op"]
[Site "Namses"]
[Date "1995.??.??"]
[Round "?"]
[White "Svendsen, Odin"]
[Black "Fossan, Petter"]
[Result "1-0"]
[WhiteElo "2175"]
[BlackElo "2340"]

1.e4 c5 2.Nf3 Nc6 3.Bb5 g6 4.O-O Bg7 5.Re1 Nf6 6.e5 Nd5 7.Nc3 Nxc3 8.dxc3 O-O
9.Qd5 Qb6 10.a4 a6 11.Bf1 Nd8 12.Nd2 Qc6 13.Qxc6 dxc6 14.Nc4 Bf5 15.Nb6 Rb8
16.e6 Nxe6 17.Nd7 Nd4 18.Nxb8 Nxc2 19.Rxe7 Nxa1 20.Rxb7 Bc2 21.Nd7 Re8 22.Nxc5 Bf8
23.Nd7 Re1 24.Bd2 Rd1 25.Nf6+ Kg7 26.Ne8+ Kh8 27.Bf4 Re1 28.Rb8 Bd3 29.h4 Rxf1+
30.Kh2 Re1 31.Nf6 Kg7 32.Ng4 g5 33.hxg5 Be7 34.Nh6 Bf8 35.Ng4 Be4 36.Nf6 Bg6
37.g3 Nc2 38.Bd6 Bd3 39.Rxf8 Kg6 40.Rg8+ Kf5 41.g4+ Ke6 42.Bg3  1-0

[Event "New York op"]
[Site "New York"]
[Date "1995.??.??"]
[Round "3"]
[White "Shliperman, Igor"]
[Black "Hracek, Zbynek"]
[Result "0-1"]
[WhiteElo "2320"]
[BlackElo "2595"]

1.e4 c5 2.Nf3 Nc6 3.Bb5 d6 4.O-O Bd7 5.Re1 Nf6 6.c3 a6 7.Ba4 c4 8.Bc2 Bg4
9.d4 cxd3 10.Qxd3 g6 11.h3 Bxf3 12.Qxf3 Bg7 13.Nd2 O-O 14.Nf1 b5 15.Bg5 Nd7
16.Qe2 Qc8 17.a3 Qb7 18.Ne3 Nb6 19.Nd5 Rfe8 20.Bb3 Na5 21.Nxb6 Nxb3 22.Nxa8 Nxa1
23.Rxa1 Rxa8 24.a4 h6 25.Bf4 b4 26.e5 bxc3 27.bxc3 d5 28.c4 Qb4 29.Rc1 Qxa4
30.Qf3 Rc8 31.Qxd5 e6 32.Qd3 g5 33.Bg3 Qc6 34.Qe3 a5 35.h4 Qc5 36.Qe4 gxh4
37.Qxh4 a4 38.Rd1 a3 39.Rd8+ Rxd8 40.Qxd8+ Bf8 41.Qa8 Qxc4 42.Kh2 a2 43.f3 Qb3
44.Bh4 Qa3 45.Qe4 a1=Q 46.Qg4+ Bg7  0-1

[Event "JUG-ch sf"]
[Site "Nis"]
[Date "1995.??.??"]
[Round "?"]
[White "Maric, Dragan"]
[Black "Markovic, Zoran S"]
[Result "1-0"]
[WhiteElo "2265"]
[BlackElo "2390"]

1.e4 c5 2.Nf3 Nc6 3.Bb5 g6 4.O-O Bg7 5.c3 e5 6.Na3 Nge7 7.Nc4 Qc7 8.d4 cxd4
9.cxd4 exd4 10.g3 O-O 11.Bf4 Qd8 12.Nd6 h6 13.h4 a6 14.Bc4 b5 15.Bb3 Na5
16.Rc1 Nxb3 17.Qxb3 Nc6 18.Rc5 Qe7 19.h5 Kh7 20.hxg6+ fxg6 21.Kg2 Rxf4 22.gxf4 Bf8
23.Rh1 Kg7 24.e5 Rb8 25.f5 Nxe5 26.Nxe5 Bb7+ 27.f3  1-0

[Event "JUG-ch sf"]
[Site "Nis"]
[Date "1995.??.??"]
[Round "?"]
[White "Certic, Branimir"]
[Black "Scekic, Milos"]
[Result "1-0"]
[WhiteElo "2435"]
[BlackElo "2305"]

1.e4 c5 2.Nf3 Nc6 3.Bb5 e6 4.O-O Nge7 5.b3 a6 6.Bxc6 Nxc6 7.Bb2 f6 8.d4 cxd4
9.Nxd4 Be7 10.Qh5+ g6 11.Qh6 Kf7 12.Rd1 d6 13.c4 e5 14.Nf3 Be6 15.Nc3 Bf8
16.Qe3 h5 17.Ba3 g5 18.Qd3 Qa5 19.Bb2 h4 20.Nd5 g4 21.Bc3 Qc5 22.b4 Qa7 23.Ne1 g3
24.hxg3 hxg3 25.Qxg3 Be7 26.b5 Rag8 27.Qe3 axb5 28.cxb5 Rh3 29.f3 Bxd5 30.Qxa7 Nxa7
31.Rxd5 Rhg3 32.Ba5 Ke6 33.Bb6 Nc8 34.Bf2 R3g5 35.Rad1 f5 36.Bh4 Rxg2+ 37.Nxg2 Bxh4
38.exf5+ Kxf5 39.Kf1 Be7 40.R5d2 Ke6  1-0

[Event "JUG-chT"]
[Site "Nis"]
[Date "1995.??.??"]
[Round "?"]
[White "Vujosevic, Vladimir"]
[Black "Colovic, Zoran"]
[Result "1-0"]
[WhiteElo "2350"]
[BlackElo "2095"]

1.e4 c5 2.Nf3 Nc6 3.Bb5 Nd4 4.Nxd4 cxd4 5.c4 a6 6.Ba4 e6 7.O-O Qa5 8.d3 b5
9.Bb3 Bb7 10.Nd2 Ne7 11.Nf3 Nc6 12.Bf4 Be7 13.cxb5 axb5 14.Ne5 Qb6 15.Qg4 g6
16.Nxc6 h5 17.Qg3 Bxc6 18.Bc7 Qa7 19.Be5 Rg8 20.f3 f6 21.Bf4 g5 22.Bd2 O-O-O
23.a4 b4 24.Rfc1 Qc7 25.Qxc7+ Kxc7 26.Rc4 d5 27.Rc2 Kb6 28.Rac1 Rc8 29.exd5 exd5
30.Bxd5 Bd7 31.Bxg8 Rxg8 32.a5+ Kb5 33.Rc7 Rd8 34.Rb7+ Ka4 35.Rcc7 Bc8 36.Rxe7 Bxb7
37.Rxb7 Kxa5 38.Rxb4 Ka6 39.Rc4 Kb5 40.Bb4 Rd5 41.Be7  1-0

[Event "JUG-ch sf"]
[Site "Nis"]
[Date "1995.??.??"]
[Round "?"]
[White "Tosic, Miroslav"]
[Black "Bakic, Rados"]
[Result "1/2-1/2"]
[WhiteElo "2420"]
[BlackElo "2440"]

1.e4 c5 2.Nf3 Nc6 3.Bb5 Nf6 4.Nc3 e5 5.d3 d6 6.Bg5 Be7 7.a4 O-O 8.Bc4 Be6
9.O-O h6 10.Bxf6 Bxf6 11.Nd5  1/2-1/2

[Event "JUG-chT"]
[Site "Nis"]
[Date "1995.??.??"]
[Round "?"]
[White "Nevednichy, Vladislav"]
[Black "Garic, Radomir"]
[Result "1/2-1/2"]
[WhiteElo "2485"]
[BlackElo "2300"]

1.e4 c5 2.Nf3 Nc6 3.Bb5 g6 4.Bxc6 dxc6 5.h3 Bg7 6.d3 Nf6 7.Nc3 O-O 8.Be3 b6
9.Qd2 Nd7 10.O-O-O Re8 11.Bh6 e5 12.Bxg7 Kxg7 13.Nh2 Nf8 14.Ng4 Bxg4 15.hxg4 f6
16.g3 a5 17.f4 Ra7 18.Ne2 Rf7 19.Qe3 Kg8 20.c3 Qe7 21.f5 g5 22.Ng1 b5 23.Nf3 b4
24.cxb4 axb4 25.Kd2 Ra8 26.Ra1 Ra5 27.Ke2 Qa7 28.Nd2 Rd7 29.Rhc1 Rxa2 30.Rxa2 Qxa2
31.Rxc5 Qxb2 32.Rxc6 Kg7 33.Qc5 Qa3 34.Qc4 Qa5 35.Ra6 Qd8 36.Nb3 h5 37.gxh5 g4
38.Rc6 Qe8 39.h6+ Kxh6 40.Rxf6+ Kg7 41.Rxf8 Qxf8 42.Nc5 Re7 43.Qxb4 Qh8 44.Qb6 Qh6
45.Ne6+ Kh7 46.Qc5 Rb7 47.Nf8+ Qxf8 48.Qxf8 Rb2+ 49.Kd1 Rd2+  1/2-1/2

[Event "JUG-chT"]
[Site "Nis"]
[Date "1995.??.??"]
[Round "?"]
[White "Barlov, Dragan"]
[Black "Dujkovic, Sinisa"]
[Result "1/2-1/2"]
[WhiteElo "2485"]
[BlackElo "2315"]

1.e4 c5 2.Nf3 Nc6 3.Bb5 g6 4.O-O Nf6 5.Re1 Bg7 6.e5 Nd5 7.Nc3 Nc7 8.Bxc6 dxc6
9.Ne4 b6 10.Nf6+ Kf8 11.Ne4 h6 12.d3 Kg8 13.Bd2 Kh7 14.Ng3 f5 15.exf6 exf6
16.a4 a5 17.Ne4 Be6 18.Bc3 Bf7 19.b3 Nd5 20.Bb2 Re8 21.Qd2 g5 22.Ng3 Qd7
23.Re4 Bg6 24.Rxe8 Rxe8 25.Re1 Nf4 26.Rxe8 Qxe8 27.h3 Qe6  1/2-1/2

[Event "JUG-chT"]
[Site "Nis"]
[Date "1995.??.??"]
[Round "?"]
[White "Dujkovic, Sinisa"]
[Black "Dragic, Vladimir"]
[Result "1-0"]
[WhiteElo "2315"]
[BlackElo "2115"]

1.e4 c5 2.Nf3 Nc6 3.Bb5 g6 4.O-O Bg7 5.Bxc6 dxc6 6.h3 Nf6 7.d3 O-O 8.Nc3 b6
9.Be3 Ne8 10.Qd2 Nc7 11.Bh6 Ne6 12.Bxg7 Kxg7 13.Ne2 Qc7 14.Nh2 Nd4 15.Nxd4 cxd4
16.f4 f6 17.f5 gxf5 18.exf5 Kh8 19.Rae1 Rf7 20.Qf4 Qd7 21.Nf3 c5 22.Nh4 Bb7
23.Qh6 Rg7 24.Rf4 Re8 25.Rg4 Rxg4 26.hxg4 Qd6 27.Rxe7 Qxe7 28.Ng6+  1-0

[Event "JUG-chT"]
[Site "Nis"]
[Date "1995.??.??"]
[Round "?"]
[White "Dujkovic, Sinisa"]
[Black "Lazarevic, Slobodan"]
[Result "0-1"]
[WhiteElo "2315"]
[BlackElo "2295"]

1.e4 c5 2.Nf3 Nc6 3.Bb5 g6 4.O-O Bg7 5.Bxc6 dxc6 6.d3 Nf6 7.h3 Nd7 8.Nc3 e5
9.Be3 Qe7 10.Qd2 Nf8 11.Bh6 f6 12.Bxg7 Qxg7 13.Ne2 Ne6 14.a3 O-O 15.b4 Rd8
16.Qc3 Qe7 17.Nd2 Nd4 18.Nxd4 cxd4 19.Qb2 g5 20.Rfd1 b6 21.c4 a5 22.bxa5 bxa5
23.Rdb1 a4 24.Qc2 Be6 25.Rb4 Ra7 26.Rab1 Rda8 27.Nf1 h5 28.Qe2 g4 29.hxg4 hxg4
30.Ng3 Qh7 31.Rb8+ Rxb8 32.Rxb8+ Kg7 33.Qb2 Kg6 34.Qb4 Qc7 35.c5 Qa5 36.Qb6 Qe1+
37.Nf1 Rh7 38.Qb1 Qc3 39.Qd1 Qxa3 40.Re8 Qb3 41.Qd2 a3 42.Ra8 a2 43.f4 gxf3
44.gxf3 Rh5 45.f4 exf4  0-1